[Event "DVM U20 2005"]
[Site "Berlin GER"]
[Date "2005.12.29"]
[Round "5"]
[White "Borel, Markus"]
[Black "Rudnik, Kirill"]
[Result "1/2-1/2"]
[Termination "normal"]
[Board "7.2"]
[WhiteElo "1965"]
[BlackElo "1877"]
[WhiteTeam "FSV Großenseebach"]
[BlackTeam "SG Porz"]
[PlyCount "104"]
[WhiteFideId "24605522"]
[EventCountry "GER"]
[EventRounds "7"]
[EventType "team-swiss"]
[EventDate "2005.12.26"]

1. e4 e5 2. Nf3 Nc6 3. d4 exd4 4. Nxd4 Nf6 5. Nxc6 bxc6 6. e5 Qe7 7. Qe2 Nd5 8.
c4 Ba6 9. b3 g6 10. Bb2 Bg7 11. g3 d6 12. Bg2 O-O 13. O-O Rfd8 14. Re1 dxe5 15.
a3 Rab8 16. Qc2 Nb6 17. Nd2 Nd7 18. Re3 Bh6 19. Re2 Nc5 20. f4 Rxd2 21. Qxd2
Nxb3 22. Qc3 Qc5+ 23. Kh1 Bg7 24. Rae1 Qxc4 25. Rxe5 Rf8 26. Qxc4 Bxc4 27. R5e4
Bxb2 28. Rxc4 Bxa3 29. Re3 Rd8 30. Rxb3 Rd1+ 31. Bf1 Rxf1+ 32. Kg2 Ra1 33. Rxc6
Bd6 34. Rc4 a5 35. Rb8+ Kg7 36. Ra8 Kf6 37. Kf3 Ra3+ 38. Ke4 Ke6 39. Re8+ Kd7
40. Rh8 h5 41. f5 Ke7 42. fxg6 fxg6 43. Rh7+ Ke6 44. Rg7 Kf6 45. Rd7 Ra2 46. h4
Ra3 47. Rc6 Ra4+ 48. Kd5 Kf5 49. Rc3 g5 50. Rg7 Rd4+ 51. Kxd4 Be5+ 52. Kd5 Bxg7
1/2-1/2

[Event "DVM U20 2005"]
[Site "Berlin GER"]
[Date "2005.12.29"]
[Round "5"]
[White "Karmann, Alexander"]
[Black "Kohlmann, Adrian"]
[Result "1/2-1/2"]
[Termination "normal"]
[Board "7.3"]
[WhiteElo "1816"]
[BlackElo "1938"]
[WhiteTeam "SG Porz"]
[BlackTeam "FSV Großenseebach"]
[PlyCount "61"]
[WhiteFideId "24629863"]
[BlackFideId "24636908"]
[EventCountry "GER"]
[EventRounds "7"]
[EventType "team-swiss"]
[EventDate "2005.12.26"]

1. e4 g6 2. d4 Bg7 3. Nf3 d6 4. Be3 Nc6 5. c4 e5 6. d5 Nce7 7. Nc3 h6 8. Qc2 f5
9. O-O-O Nf6 10. Bd3 Ng4 11. Qe2 Nxe3 12. fxe3 fxe4 13. Nxe4 Bf5 14. Ng3 Qd7
15. Qc2 Rf8 16. Nh4 Bxd3 17. Qxd3 Qg4 18. Nf3 Nf5 19. Nxf5 Qxf5 20. e4 Qg4 21.
Rd2 h5 22. Kb1 Bh6 23. Rc2 Bf4 24. c5 Qd7 25. cxd6 cxd6 26. Nd2 Bxd2 27. Qxd2
Rc8 28. Rhc1 Rxc2 29. Qxc2 Ke7 30. Qe2 Rf6 31. h3 {(=)} 1/2-1/2

[Event "DVM U20 2005"]
[Site "Berlin GER"]
[Date "2005.12.29"]
[Round "5"]
[White "Kirch, Florian"]
[Black "Senay, Baris"]
[Result "1/2-1/2"]
[Termination "normal"]
[Board "7.4"]
[WhiteElo "1821"]
[BlackElo "1852"]
[WhiteTeam "FSV Großenseebach"]
[BlackTeam "SG Porz"]
[PlyCount "70"]
[WhiteFideId "24605794"]
[BlackFideId "24676020"]
[EventCountry "GER"]
[EventRounds "7"]
[EventType "team-swiss"]
[EventDate "2005.12.26"]

1. d4 d5 2. c4 e6 3. Nc3 Nf6 4. cxd5 exd5 5. Bg5 Be7 6. e3 c6 7. Bd3 Nbd7 8.
Nf3 O-O 9. O-O Re8 10. Qc2 Nf8 11. Rfb1 Ne4 12. Bxe7 Qxe7 13. b4 a6 14. a4 f5
15. b5 axb5 16. axb5 Bd7 17. Ne5 Ng6 18. bxc6 Rxa1 19. Rxa1 bxc6 20. Nxg6 hxg6
21. Ra7 Qd6 22. Ra6 Rb8 23. Nxd5 Qxd5 24. Bc4 Rb1+ 25. Qxb1 Qxc4 26. Qa2 Qxa2
27. Rxa2 Be6 28. Ra7 Kh7 29. f3 Nd6 30. Kf2 g5 31. Rc7 Bd5 32. h3 Nb5 33. Rc8
g6 34. g4 Kg7 35. Re8 Kf7 1/2-1/2

[Event "DVM U20 2005"]
[Site "Berlin GER"]
[Date "2005.12.29"]
[Round "5"]
[White "Nemeth-Csoka, Mihaly"]
[Black "Schehl, Michael"]
[Result "1-0"]
[Termination "normal"]
[Board "7.6"]
[WhiteElo "1455"]
[BlackElo "1653"]
[WhiteTeam "FSV Großenseebach"]
[BlackTeam "SG Porz"]
[PlyCount "81"]
[WhiteFideId "24659436"]
[EventCountry "GER"]
[EventRounds "7"]
[EventType "team-swiss"]
[EventDate "2005.12.26"]

1. e4 d6 2. d4 Nf6 3. Nc3 g6 4. Be3 Bg7 5. f3 Nbd7 6. Qd2 h5 7. Nge2 c6 8. Nf4
g5 9. Nd3 g4 10. Rg1 a6 11. O-O-O b5 12. e5 dxe5 13. dxe5 Nd5 14. Nxd5 cxd5 15.
f4 e6 16. Be2 Nb6 17. Nb4 Bd7 18. Qd4 Nc4 19. Bxc4 bxc4 20. a3 Bf8 21. Bd2 Qc8
22. Rge1 Bc5 23. Qc3 Bf2 24. Nxd5 exd5 25. e6 d4 26. exd7+ Kxd7 27. Be3 Bxe1
28. Qxd4+ Ke7 29. Qe5+ Kf8 30. Qxh8+ Ke7 31. Qe5+ Kf8 32. Bc5+ Kg8 33. Qg5+ Kh7
34. Qxh5+ Kg8 35. Rxe1 Qc6 36. Bd4 f6 37. Qg6+ Kf8 38. Bxf6 Qd7 39. Qh6+ Kg8
40. Qh8+ Kf7 41. Qg7# 1-0

[Event "DVM U20 2005"]
[Site "Berlin GER"]
[Date "2005.12.29"]
[Round "5"]
[White "Koch, Moritz"]
[Black "Krutwig, Longlong"]
[Result "1-0"]
[Termination "normal"]
[Board "8.1"]
[WhiteElo "2227"]
[BlackElo "2193"]
[WhiteTeam "SV Puschendorf"]
[BlackTeam "SF Köln-Mülheim"]
[PlyCount "63"]
[WhiteFideId "4678460"]
[BlackFideId "24629979"]
[EventCountry "GER"]
[EventRounds "7"]
[EventType "team-swiss"]
[EventDate "2005.12.26"]

1. e4 Nc6 2. Nf3 e5 3. Bb5 a6 4. Bxc6 dxc6 5. O-O Bg4 6. h3 h5 7. d3 Qf6 8. Be3
Bd6 9. Nbd2 Qg6 10. Kh1 Ne7 11. Re1 O-O-O 12. c4 c5 13. b4 Nc6 14. bxc5 Be7 15.
Qb3 Kb8 16. Rab1 Bc8 17. Qc3 Qe6 18. Nb3 g5 19. d4 g4 20. d5 Qf6 21. Nh2 gxh3
22. g3 h4 23. dxc6 Rdg8 24. Rg1 Bg4 25. Nd2 Qxc6 26. Qxe5 Be6 27. Nb3 hxg3 28.
Rxg3 Qa4 29. Bf4 Qxa2 30. Qxc7+ Ka8 31. Nd2 Rb8 32. Qxe7 1-0

[Event "DVM U20 2005"]
[Site "Berlin GER"]
[Date "2005.12.29"]
[Round "5"]
[White "Krug, Kevin"]
[Black "Lauer, Moritz"]
[Result "1/2-1/2"]
[Termination "normal"]
[Board "8.2"]
[WhiteElo "2111"]
[BlackElo "2233"]
[WhiteTeam "SF Köln-Mülheim"]
[BlackTeam "SV Puschendorf"]
[PlyCount "70"]
[WhiteFideId "24609110"]
[BlackFideId "4678354"]
[EventCountry "GER"]
[EventRounds "7"]
[EventType "team-swiss"]
[EventDate "2005.12.26"]

1. e4 d5 2. Nc3 Nf6 3. e5 Ne4 4. Nce2 d4 5. d3 Nc5 6. f4 Nc6 7. Nf3 Bg4 8. Ng3
h5 9. h3 Bxf3 10. Qxf3 h4 11. Ne4 e6 12. a3 Qd5 13. Bd2 Be7 14. Be2 O-O-O 15.
Nf2 f5 16. exf6 gxf6 17. Qxd5 Rxd5 18. Bf3 Rdd8 19. Ne4 Na4 20. b3 Nb6 21. O-O
Nd5 22. a4 Bb4 23. Bxb4 Ncxb4 24. Rf2 b6 25. a5 Rdg8 26. axb6 axb6 27. Ra4 c5
28. Ra7 Kb8 29. Rf7 Rf8 30. Rd7 Rd8 31. Rf7 Rhf8 32. Rh7 Rh8 33. Rf7 Rhf8 34.
Rh7 Rh8 35. Rf7 Rhf8 1/2-1/2

[Event "DVM U20 2005"]
[Site "Berlin GER"]
[Date "2005.12.29"]
[Round "5"]
[White "Lowitz, Torsten"]
[Black "Papaioannou, Dimitri"]
[Result "1-0"]
[Termination "normal"]
[Board "8.3"]
[WhiteElo "2117"]
[BlackElo "2024"]
[WhiteTeam "SV Puschendorf"]
[BlackTeam "SF Köln-Mülheim"]
[PlyCount "165"]
[WhiteFideId "4681924"]
[BlackFideId "24673170"]
[EventCountry "GER"]
[EventRounds "7"]
[EventType "team-swiss"]
[EventDate "2005.12.26"]

1. e4 c6 2. d4 d5 3. Nd2 dxe4 4. Nxe4 Nd7 5. Nf3 Ngf6 6. Ng3 e6 7. Bd3 Qc7 8.
O-O Be7 9. Qe2 O-O 10. c3 b6 11. Re1 Bb7 12. Ne5 c5 13. Nxd7 Qxd7 14. Be3 Rac8
15. Rad1 Qc6 {(=)} 16. f3 cxd4 17. Bxd4 Bc5 18. Be4 Nxe4 19. Qxe4 Rfd8 20. Qxc6
Bxd4+ 21. Rxd4 Bxc6 22. Red1 Rxd4 23. Rxd4 Kf8 24. Kf2 Ke7 25. Ke3 g6 26. Rc4
Bd7 27. Rd4 e5 28. Rd2 f5 29. Ne2 Be6 30. Nc1 Rc7 31. a3 Rd7 32. Nd3 Kf6 33.
Nb4 Rxd2 34. Kxd2 Bd7 35. Ke3 {(=)} Ke6 36. b3 Kd6 37. Nd3 Be6 38. Nc1 Kd5 39.
Kd3 g5 40. Ne2 Kc5 41. c4 h5 42. Ng3 h4 43. Ne2 Bd7 44. Ng1 Bc6 45. Nh3 g4 46.
fxg4 Bxg2 47. Nf2 e4+ 48. Ke3 fxg4 49. Nxg4 a5 50. Ne5 Bh1 51. Nd7+ Kc6 52. Nf8
Kc5 53. Ne6+ Kc6 54. Kd4 Bf3 55. Ng5 Bd1 56. b4 axb4 57. axb4 Bg4 58. Nxe4 Be6
59. Nd2 Bf5 60. Ke5 Bd7 61. Nf3 h3 62. Nd4+ Kc7 63. b5 Bg4 64. Kd5 Bd7 65. Ne6+
Kc8 66. Kd6 Be8 67. Nf4 Bf7 68. Nxh3 Bxc4 69. Kc6 Be2 70. Kxb6 Bf3 71. Nf4 Kb8
72. h4 Be4 73. h5 Kc8 74. Ne6 Bf5 75. Ng5 Kd7 76. h6 Ke7 77. h7 Bxh7 78. Nxh7
Kd7 79. Nf6+ Kc8 80. Ka7 Kc7 81. b6+ Kc6 82. b7 Kc5 83. b8=Q 1-0

[Event "DVM U20 2005"]
[Site "Berlin GER"]
[Date "2005.12.29"]
[Round "5"]
[White "Lingl, Xenia"]
[Black "Rosenstein, Wadim"]
[Result "1-0"]
[Termination "normal"]
[Board "8.5"]
[WhiteElo "1484"]
[BlackElo "1831"]
[WhiteTeam "SV Puschendorf"]
[BlackTeam "SF Köln-Mülheim"]
[PlyCount "76"]
[BlackFideId "24148148"]
[EventCountry "GER"]
[EventRounds "7"]
[EventType "team-swiss"]
[EventDate "2005.12.26"]

1. e4 c5 2. d3 Nc6 3. g3 d6 4. Bg2 Nf6 5. f4 g6 6. Nf3 Bg7 7. Nc3 O-O 8. O-O
Rb8 9. h3 b5 10. g4 b4 11. Ne2 c4 12. Ng3 Ba6 13. f5 cxd3 14. cxd3 Ne5 15. Nxe5
dxe5 16. Rf3 Qd4+ 17. Be3 Qd7 18. g5 Ne8 19. Bf2 Nd6 20. h4 gxf5 21. Nxf5 Nxf5
22. exf5 Bb7 23. Rg3 Bxg2 24. Rxg2 Qxf5 25. Bxa7 Rbd8 26. Qb3 Rxd3 27. Qxb4
Rfd8 28. Rf1 Rd1 29. Rxd1 Rxd1+ 30. Kh2 Qc8 31. Qxe7 Rd7 32. Qc5 Qa8 33. Bb6
Rd4 34. b3 e4 35. Rc2 Qb8+ 36. Kg2 Qf8 37. Qxf8+ Kxf8 38. Bxd4 Bxd4 1-0

[Event "DVM U20 2005"]
[Site "Berlin GER"]
[Date "2005.12.29"]
[Round "5"]
[White "Jovanovic, Valter"]
[Black "Hennch, Thomas"]
[Result "1-0"]
[Termination "normal"]
[Board "8.6"]
[WhiteElo "1573"]
[BlackElo "1039"]
[WhiteTeam "SF Köln-Mülheim"]
[BlackTeam "SV Puschendorf"]
[PlyCount "57"]
[BlackFideId "12978400"]
[EventCountry "GER"]
[EventRounds "7"]
[EventType "team-swiss"]
[EventDate "2005.12.26"]

1. e4 e5 2. Nf3 Nc6 3. d4 exd4 4. Nxd4 Bc5 5. Be3 Qf6 6. c3 Nge7 7. Bc4 Ne5 8.
Be2 Qg6 9. O-O O-O 10. Nd2 d6 11. Kh1 Ng4 12. Bf4 Nf6 13. e5 dxe5 14. Bxe5 Nfd5
15. Bf3 Re8 16. Ne4 Nc6 17. Nxc6 Qxc6 18. Nxc5 Rxe5 19. Nd3 Rg5 20. Nb4 Qb6 21.
Nxd5 Rxd5 22. Qxd5 Be6 23. Qxb7 Qxb7 24. Bxb7 Rb8 25. Rfd1 g6 26. Bd5 Bxd5 27.
Rxd5 Rxb2 28. Kg1 Rc2 29. Rc5 1-0

[Event "DVM U20 2005"]
[Site "Berlin GER"]
[Date "2005.12.29"]
[Round "6"]
[White "Brener, Ilja"]
[Black "Mutschnik, Illya"]
[Result "0-1"]
[Termination "normal"]
[Board "1.1"]
[WhiteTitle "FM"]
[BlackTitle "IM"]
[WhiteElo "2334"]
[BlackElo "2414"]
[WhiteTeam "SV Glück auf Rüdersdorf"]
[BlackTeam "OSC Baden-Baden"]
[PlyCount "102"]
[WhiteFideId "4688201"]
[BlackFideId "14111080"]
[EventCountry "GER"]
[EventRounds "7"]
[EventType "team-swiss"]
[EventDate "2005.12.26"]

1. e4 c5 2. Nf3 e6 3. d4 cxd4 4. Nxd4 Nc6 5. Nc3 Qc7 6. Be3 a6 7. Be2 Nf6 8.
O-O Bb4 9. Na4 Bd6 10. h3 Bh2+ 11. Kh1 Bf4 12. Bxf4 Qxf4 13. Nxc6 dxc6 14. Bd3
O-O 15. Qe1 e5 16. Qe3 Qxe3 17. fxe3 Nd7 18. b4 b5 19. Nc5 Nxc5 20. bxc5 Be6
21. Kg1 a5 22. a3 Rfd8 23. Kf2 Kf8 24. Ke2 Ke7 25. Kf3 h5 26. Rfd1 g5 27. Kf2
h4 28. Be2 Rxd1 29. Rxd1 b4 30. axb4 axb4 31. Rb1 Ra2 32. Rxb4 Rxc2 33. Rb7+
Kf6 34. Kf1 Rxc5 35. Rc7 Rc3 36. Kf2 c5 37. Bg4 Rc2+ 38. Kf3 Bxg4+ 39. hxg4 Ke6
40. g3 c4 41. Rc5 c3 42. Rc4 Rc1 43. Kg2 c2 44. Rc3 Re1 45. Rc6+ Ke7 46. Rxc2
Rxe3 47. gxh4 gxh4 48. Rc4 Rg3+ 49. Kh2 Rxg4 50. Kh3 Rf4 51. Ra4 Kf6 0-1

[Event "DVM U20 2005"]
[Site "Berlin GER"]
[Date "2005.12.29"]
[Round "6"]
[White "Strohhäker, Raoul"]
[Black "Frübing, Stefan"]
[Result "1-0"]
[Termination "normal"]
[Board "1.2"]
[WhiteElo "2276"]
[BlackElo "2233"]
[WhiteTeam "OSC Baden-Baden"]
[BlackTeam "SV Glück auf Rüdersdorf"]
[PlyCount "81"]
[WhiteFideId "4687400"]
[BlackFideId "4682165"]
[EventCountry "GER"]
[EventRounds "7"]
[EventType "team-swiss"]
[EventDate "2005.12.26"]

1. e4 c5 2. Nf3 Nc6 3. d4 cxd4 4. Nxd4 g6 5. c4 Bg7 6. Be3 Nf6 7. Nc3 Ng4 8.
Qxg4 Nxd4 9. Qd1 Ne6 10. Rc1 b6 11. Bd3 Bb7 12. O-O O-O 13. b3 f5 14. exf5 gxf5
15. Qh5 Qe8 16. Qxe8 Raxe8 17. f3 d6 18. Rfe1 Bd4 19. Nb5 Nf4 20. Bb1 Bxe3+ 21.
Rxe3 a6 22. Nc7 Rc8 23. Ne6 Nxe6 24. Rxe6 Rc7 25. Rce1 Rf7 26. Kf2 Kg7 27. f4
Bc8 28. R6e3 Kf6 29. Bd3 a5 30. Be2 e5 31. Rd1 Rfd7 32. Red3 Ke6 33. g4 e4 34.
Rh3 Rg7 35. gxf5+ Kxf5 36. Rd5+ Kf6 37. Rh6+ Rg6 38. Rxd6+ Kf5 39. Ke3 Rxh6 40.
Rxh6 Rg7 41. h3 1-0

[Event "DVM U20 2005"]
[Site "Berlin GER"]
[Date "2005.12.29"]
[Round "6"]
[White "Becker, Nils"]
[Black "Beck, Frederik"]
[Result "1/2-1/2"]
[Termination "normal"]
[Board "1.3"]
[WhiteElo "2122"]
[BlackElo "2214"]
[WhiteTeam "SV Glück auf Rüdersdorf"]
[BlackTeam "OSC Baden-Baden"]
[PlyCount "58"]
[WhiteFideId "4695216"]
[BlackFideId "4687388"]
[EventCountry "GER"]
[EventRounds "7"]
[EventType "team-swiss"]
[EventDate "2005.12.26"]

1. e4 c5 2. Nf3 e6 3. d4 cxd4 4. Nxd4 Nc6 5. Nc3 Qc7 6. Be2 a6 7. Be3 Nf6 8.
O-O Bb4 9. Na4 Bd6 10. g3 b5 11. Nb6 Rb8 12. Nxc8 Rxc8 13. Nxc6 dxc6 14. f3
Bxg3 15. f4 Bh4 16. Bf3 O-O 17. Qe2 Nd7 18. a4 Rb8 19. Qg2 e5 20. f5 Kh8 21.
axb5 axb5 22. Rfd1 Be7 23. Kh1 Ra8 24. Rg1 Bf6 25. Rad1 Rg8 26. Qh3 Nf8 27. Rg3
Qe7 28. Rdg1 Ra2 29. Bc1 Ra1 1/2-1/2

[Event "DVM U20 2005"]
[Site "Berlin GER"]
[Date "2005.12.29"]
[Round "6"]
[White "Schaaf, Robert"]
[Black "Rutschke, Bernhard"]
[Result "0-1"]
[Termination "normal"]
[Board "1.4"]
[WhiteElo "2113"]
[BlackElo "2087"]
[WhiteTeam "OSC Baden-Baden"]
[BlackTeam "SV Glück auf Rüdersdorf"]
[PlyCount "76"]
[WhiteFideId "4687418"]
[BlackFideId "24611050"]
[EventCountry "GER"]
[EventRounds "7"]
[EventType "team-swiss"]
[EventDate "2005.12.26"]

1. e4 c5 2. c3 Nf6 3. d3 Nc6 4. Nf3 d6 5. Nbd2 g6 6. Be2 Bg7 7. O-O e5 8. Re1
O-O 9. Nb3 b6 10. Bg5 h6 11. Bxf6 Qxf6 12. Qc2 Bg4 13. Nbd2 Rac8 14. Nc4 Qd8
15. Ne3 Be6 16. Nd2 Ne7 17. Bf3 f5 18. Nd5 Nxd5 19. exd5 Bd7 20. Rf1 g5 21. g3
g4 22. Bg2 h5 23. Rae1 Rf6 24. f4 exf4 25. Rxf4 h4 26. Nf1 h3 27. Bh1 Qf8 28.
Re6 Bxe6 29. dxe6 Qe7 30. Bd5 Bh6 31. Rf2 Rcf8 32. Qe2 Kh8 33. Ne3 Rxe6 34.
Bxe6 Qxe6 35. Nc4 Qg6 36. Qe7 Re8 37. Qd7 b5 38. Nd2 Be3 0-1

[Event "DVM U20 2005"]
[Site "Berlin GER"]
[Date "2005.12.29"]
[Round "6"]
[White "Beißer, Jacob"]
[Black "Hauser, Carlos"]
[Result "0-1"]
[Termination "normal"]
[Board "1.5"]
[WhiteElo "2066"]
[BlackElo "2131"]
[WhiteTeam "SV Glück auf Rüdersdorf"]
[BlackTeam "OSC Baden-Baden"]
[PlyCount "98"]
[WhiteFideId "24603392"]
[BlackFideId "24608238"]
[EventCountry "GER"]
[EventRounds "7"]
[EventType "team-swiss"]
[EventDate "2005.12.26"]

1. d4 d5 2. c4 c6 3. Nc3 Nf6 4. Nf3 dxc4 5. a4 Bf5 6. Ne5 Nbd7 7. Nxc4 Qc7 8.
g3 e5 9. dxe5 Nxe5 10. Bf4 Nfd7 11. Bg2 g5 12. Ne3 gxf4 13. Nxf5 O-O-O 14. Qc2
Nc5 15. Kf1 Ne6 16. a5 a6 17. Ne4 h5 18. Bh3 Kb8 19. Kg2 h4 20. Qc3 hxg3 21.
hxg3 fxg3 22. fxg3 Ng6 23. Raf1 Qe5 24. Qxe5+ Nxe5 25. Ne3 Nd4 26. Rf2 Bb4 27.
Ra1 Nb3 28. Raf1 Nxa5 29. Ng5 Bc5 30. Ng4 Nxg4 31. Bxg4 Bxf2 32. Rxf2 Rhf8 33.
Rxf7 Rxf7 34. Nxf7 Rd2 35. Bf3 Kc7 36. g4 Kd7 37. Ne5+ Ke7 38. g5 Rxb2 39. Kg3
Rb4 40. e4 Nc4 41. Ng6+ Kf7 42. Nf4 Rb3 43. Kf2 Ne5 44. Bh5+ Kg8 45. Ne6 a5 46.
Bd1 a4 47. Nc5 Rb2+ 48. Ke3 a3 49. Kd4 Rd2+ 0-1

[Event "DVM U20 2005"]
[Site "Berlin GER"]
[Date "2005.12.29"]
[Round "6"]
[White "Stiefel, Michael"]
[Black "Werner, Daniel"]
[Result "1/2-1/2"]
[Termination "normal"]
[Board "1.6"]
[WhiteElo "2057"]
[BlackElo "2167"]
[WhiteTeam "OSC Baden-Baden"]
[BlackTeam "SV Glück auf Rüdersdorf"]
[PlyCount "105"]
[WhiteFideId "24608556"]
[BlackFideId "4662814"]
[EventCountry "GER"]
[EventRounds "7"]
[EventType "team-swiss"]
[EventDate "2005.12.26"]

1. e4 c5 2. Ne2 d6 3. Nbc3 Nf6 4. g3 g6 5. Bg2 Bg7 6. O-O Nc6 7. d3 Rb8 8. f4
O-O 9. h3 Bd7 10. g4 Nd4 11. Be3 Ne8 12. Ng3 Bc6 13. f5 e6 14. Rb1 exf5 15.
gxf5 Qh4 16. Nce2 Be5 17. Bf4 Ng7 18. Bxe5 dxe5 19. Nxd4 cxd4 20. Qg4 Qh6 21.
h4 Kh8 22. Qg5 Qxg5 23. hxg5 Nh5 24. Nxh5 gxh5 25. Bf3 Rg8 26. Kf2 Rxg5 27. Rh1
Kg7 28. Rxh5 h6 29. Rbh1 Rxh5 30. Bxh5 Rc8 31. Ke1 Kf6 32. Rg1 Ba4 33. b3 Bd7
34. Kd2 a5 35. Bf3 a4 36. Bh5 Ra8 37. Bf3 a3 38. Bh5 Rh8 39. Ke2 Rh7 40. Kf3
Rg7 41. Rxg7 Kxg7 42. Kg4 Kf6 43. Kh4 {(=)} b5 44. Bg4 Be8 45. Kh5 Kg7 46. Kh4
Bc6 47. Kh5 Be8 48. Kh4 Kh7 49. Kh5 Bd7 50. Kh4 b4 51. Kh5 f6 52. Kh4 Be8 53.
Bh5 1/2-1/2

[Event "DVM U20 2005"]
[Site "Berlin GER"]
[Date "2005.12.29"]
[Round "6"]
[White "Nüsken, Nikolas"]
[Black "Krämer, Martin"]
[Result "0-1"]
[Termination "normal"]
[Board "2.1"]
[BlackTitle "FM"]
[WhiteElo "2302"]
[BlackElo "2389"]
[WhiteTeam "HSK-Post SV Hannover"]
[BlackTeam "SV Medizin Erfurt"]
[PlyCount "106"]
[WhiteFideId "24605891"]
[BlackFideId "4671910"]
[EventCountry "GER"]
[EventRounds "7"]
[EventType "team-swiss"]
[EventDate "2005.12.26"]

1. e4 c5 2. Nf3 Nc6 3. d4 cxd4 4. Nxd4 Nf6 5. Nc3 d6 6. Bg5 Bd7 7. Be2 Qa5 8.
Bxf6 gxf6 9. O-O Rg8 10. Nd5 Bh3 11. Bf3 Ne5 12. Ne3 Bh6 13. Ndf5 Bxe3 14. Nxe3
Qd2 15. Kh1 Qxd1 16. Bxd1 Bd7 17. f4 Ng6 18. g3 Bc6 19. Bf3 e6 20. Rad1 Ke7 21.
Rfe1 Nf8 22. Kg2 Rd8 23. Nd5+ Bxd5 24. exd5 e5 25. Be4 Rc8 26. Bf5 Rc4 27. Kf3
Nd7 28. b3 Rc5 29. Rd2 h6 30. c4 a6 31. Ke4 b5 32. cxb5 axb5 33. Bxd7 Kxd7 34.
Rf1 Ke7 35. Rdf2 Rg4 36. a4 h5 37. Ra1 h4 38. Rf3 bxa4 39. bxa4 hxg3 40. hxg3
Rg8 41. Rb3 Rc4+ 42. Kf5 Rxg3 43. Rb7+ Kf8 44. Rf1 Kg7 45. Re7 Rxa4 46. Re8 Rd4
47. Rf2 exf4 48. Re4 Rxd5+ 49. Kxf4 Rdg5 50. Re8 R5g4+ 51. Kf5 Rh4 52. Rf4 Rg5+
53. Ke4 Re5+ 0-1

[Event "DVM U20 2005"]
[Site "Berlin GER"]
[Date "2005.12.29"]
[Round "6"]
[White "Holzschuh, Stephan"]
[Black "Abel, Dennes"]
[Result "1/2-1/2"]
[Termination "normal"]
[Board "2.2"]
[WhiteElo "2257"]
[BlackElo "2186"]
[WhiteTeam "SV Medizin Erfurt"]
[BlackTeam "HSK-Post SV Hannover"]
[PlyCount "50"]
[WhiteFideId "4677471"]
[BlackFideId "24605417"]
[EventCountry "GER"]
[EventRounds "7"]
[EventType "team-swiss"]
[EventDate "2005.12.26"]

1. e4 c5 2. Nf3 Nc6 3. d4 cxd4 4. Nxd4 Nf6 5. Nc3 e5 6. Ndb5 d6 7. Bg5 a6 8.
Na3 b5 9. Bxf6 gxf6 10. Nd5 f5 11. Bd3 Be6 12. O-O Bxd5 13. exd5 Ne7 14. c4 Bg7
15. Rb1 e4 16. Be2 O-O 17. cxb5 axb5 18. Bxb5 Bxb2 19. Nc4 Bg7 20. a4 Ng6 21.
Bc6 Ra7 22. f4 Ne7 23. Rb5 Qc7 24. Ne3 Rb8 25. Qb3 Rc8 1/2-1/2

[Event "DVM U20 2005"]
[Site "Berlin GER"]
[Date "2005.12.29"]
[Round "6"]
[White "Hoffmann, Lukas"]
[Black "Wehner, Janis"]
[Result "1/2-1/2"]
[Termination "normal"]
[Board "2.3"]
[WhiteElo "2149"]
[BlackElo "2237"]
[WhiteTeam "HSK-Post SV Hannover"]
[BlackTeam "SV Medizin Erfurt"]
[PlyCount "48"]
[WhiteFideId "24614769"]
[BlackFideId "4693299"]
[EventCountry "GER"]
[EventRounds "7"]
[EventType "team-swiss"]
[EventDate "2005.12.26"]

1. e4 c5 2. Nf3 d6 3. Bb5+ Bd7 4. Bxd7+ Qxd7 5. O-O Nc6 6. c3 Nf6 7. Re1 e6 8.
d4 cxd4 9. cxd4 d5 10. e5 Ne4 11. Nbd2 Nxd2 12. Bxd2 Be7 13. Rc1 O-O 14. Qb3
Rfc8 15. Rc2 Bd8 16. Rec1 Bb6 17. Qd3 h6 18. h3 Ne7 19. Bb4 Rxc2 20. Rxc2 Rc8
21. Bxe7 Rxc2 22. Qxc2 Qxe7 23. Qc8+ Kh7 24. Qc2+ Kg8 1/2-1/2

[Event "DVM U20 2005"]
[Site "Berlin GER"]
[Date "2005.12.29"]
[Round "6"]
[White "Buckan, Jens"]
[Black "Laake, Jasmin"]
[Result "1-0"]
[Termination "normal"]
[Board "2.4"]
[WhiteElo "2107"]
[BlackElo "1974"]
[WhiteTeam "SV Medizin Erfurt"]
[BlackTeam "HSK-Post SV Hannover"]
[PlyCount "89"]
[WhiteFideId "4684508"]
[BlackFideId "4699939"]
[EventCountry "GER"]
[EventRounds "7"]
[EventType "team-swiss"]
[EventDate "2005.12.26"]

1. e4 c5 2. Ne2 Nc6 3. Nbc3 e6 4. d4 cxd4 5. Nxd4 Nf6 6. a3 Bc5 7. Nb3 Bb6 8.
Bg5 O-O 9. Qd2 a5 10. Na4 Ba7 11. f3 Rb8 12. Bb5 h6 13. Be3 Bxe3 14. Qxe3 b6
15. O-O-O Qc7 16. Nc3 Bb7 17. Rd2 Ne5 18. Rhd1 d5 19. exd5 Nxd5 20. Nxd5 Bxd5
21. Kb1 Bc4 22. f4 Bxb5 23. Qxe5 Qxe5 24. fxe5 Bc6 25. Nd4 Bd5 26. Nb5 Rbc8 27.
Nd6 Rc6 28. b3 f6 29. c4 fxe5 30. Nb5 Be4+ 31. Kb2 Kh7 32. Re1 Bf5 33. Rxe5 Kg6
34. Kc3 Kf6 35. Re1 e5 36. Rf2 h5 37. h3 h4 38. Rxf5+ Kxf5 39. Rf1+ Ke4 40.
Rxf8 Rg6 41. Rf2 Rg3+ 42. Kb2 Kd3 43. Kc1 e4 44. Rd2+ Ke3 45. Nc3 1-0

[Event "DVM U20 2005"]
[Site "Berlin GER"]
[Date "2005.12.29"]
[Round "6"]
[White "Wolf, Christoph"]
[Black "Gehlhaar, Christian"]
[Result "0-1"]
[Termination "normal"]
[Board "2.5"]
[WhiteElo "1954"]
[BlackElo "2095"]
[WhiteTeam "HSK-Post SV Hannover"]
[BlackTeam "SV Medizin Erfurt"]
[PlyCount "100"]
[WhiteFideId "24622877"]
[BlackFideId "4663888"]
[EventCountry "GER"]
[EventRounds "7"]
[EventType "team-swiss"]
[EventDate "2005.12.26"]

1. e4 c5 2. c3 d5 3. exd5 Qxd5 4. Nf3 Nf6 5. Na3 Bg4 6. Be2 e6 7. O-O Be7 8. d4
cxd4 9. Nb5 Qd8 10. Qxd4 Nc6 11. Qa4 O-O 12. Rd1 Qa5 13. Qb3 a6 14. Nbd4 Nxd4
15. Nxd4 Qe5 16. Bxg4 Nxg4 17. Nf3 Qc5 18. Rd4 Nxf2 19. Kxf2 e5 20. Nxe5 Qxe5
21. Qd5 Qxh2 22. Bf4 Qh4+ 23. Kf3 Rad8 24. Qf5 g6 25. Qg4 Qf6 26. Rad1 h5 27.
Qg3 Rxd4 28. Rxd4 Bc5 29. Rd5 Qc6 30. c4 Re8 31. Be5 b5 32. b3 Re6 33. Qf4 f6
34. Bd4 Bxd4 35. Qxd4 Re5 36. Kg3 bxc4 37. Rxe5 fxe5 38. Qxe5 c3 39. Qb8+ Kf7
40. Qa7+ Kg8 41. Qb8+ Kg7 42. Qa7+ Kh6 43. Qe7 g5 44. Qf8+ Kg6 45. Qg8+ Kf5 46.
Qf7+ Qf6 47. Qh7+ Ke5 48. Qc7+ Ke6 49. Qc4+ Kd7 50. Qa4+ Qc6 0-1

[Event "DVM U20 2005"]
[Site "Berlin GER"]
[Date "2005.12.29"]
[Round "6"]
[White "Hermann, Ingo"]
[Black "Wall, Henrik"]
[Result "0-1"]
[Termination "normal"]
[Board "2.6"]
[WhiteElo "2007"]
[BlackElo "1878"]
[WhiteTeam "SV Medizin Erfurt"]
[BlackTeam "HSK-Post SV Hannover"]
[PlyCount "112"]
[WhiteFideId "24603716"]
[BlackFideId "24614033"]
[EventCountry "GER"]
[EventRounds "7"]
[EventType "team-swiss"]
[EventDate "2005.12.26"]

1. e4 e5 2. Nf3 Nc6 3. Nc3 Nf6 4. Bb5 Bb4 5. O-O d6 6. d3 Bg4 7. Nd5 Nxd5 8.
exd5 a6 9. Bxc6+ bxc6 10. dxc6 Qf6 11. c3 Bc5 12. Be3 Rb8 13. Bxc5 dxc5 14. Qe2
Bxf3 15. gxf3 O-O 16. Rab1 Qg6+ 17. Kh1 Qxc6 18. Qe4 Qd6 19. Rfe1 f6 20. b3
Rbe8 21. Rbd1 f5 22. Qe2 Re6 23. Rd2 {(=)} Rfe8 24. Qd1 Rh6 25. Re3 Ree6 26. f4
exf4 27. Rxe6 Qxe6 28. Qe2 Qd5+ 29. f3 Re6 30. Qd1 Re3 31. Kg2 g5 32. d4 c4 33.
bxc4 Qxc4 34. Qb3 Qxb3 35. axb3 Rxc3 36. Ra2 Rxb3 37. Rxa6 Rb4 38. Rf6 Rxd4 39.
Rxf5 h6 40. h4 gxh4 41. Kh3 Rc4 42. Kxh4 Kg7 43. Kh5 c6 44. Ra5 Kf6 45. Ra8 Ke5
46. Kg4 h5+ 47. Kxh5 Kd4 48. Re8 c5 49. Kg4 Kd3 50. Rd8+ Rd4 51. Ra8 c4 52. Kf5
c3 53. Ra3 Kd2 54. Ke5 Rb4 55. Ra8 c2 56. Rd8+ Kc1 0-1